Moonlight mile (Record no. 273967)
[ view plain ]
| 000 -LEADER | |
|---|---|
| fixed length control field | 02329nim a2200553 a 4500 |
| 001 - CONTROL NUMBER | |
| control field | rmp00000126 |
| 003 - CONTROL NUMBER IDENTIFIER | |
| control field | CtWfDGI |
| 005 - DATE AND TIME OF LATEST TRANSACTION | |
| control field | 20200320184646.0 |
| 007 - PHYSICAL DESCRIPTION FIXED FIELD--GENERAL INFORMATION | |
| fixed length control field | co ngannnauadu |
| 007 - PHYSICAL DESCRIPTION FIXED FIELD--GENERAL INFORMATION | |
| fixed length control field | sd uungnnmmned |
| 008 - FIXED-LENGTH DATA ELEMENTS--GENERAL INFORMATION | |
| fixed length control field | 100816r20102010mdunnnn f n eng d |
| 020 ## - INTERNATIONAL STANDARD BOOK NUMBER | |
| International Standard Book Number | 9781449845940 |
| 028 01 - PUBLISHER NUMBER | |
| Publisher number | MP126 |
| Source | Recorded Books |
| 040 ## - CATALOGING SOURCE | |
| Original cataloging agency | CtWfDGI |
| Language of cataloging | eng |
| Transcribing agency | CtWfDGI |
| 043 ## - GEOGRAPHIC AREA CODE | |
| Geographic area code | n-us-ma |
| 050 14 - LIBRARY OF CONGRESS CALL NUMBER | |
| Classification number | PS3562.E426 |
| Item number | M66 2010d |
| 082 04 - DEWEY DECIMAL CLASSIFICATION NUMBER | |
| Classification number | 813/.54 |
| Edition number | 22 |
| 098 14 - OTHER CLASSIFICATION SCHEMES (OCLC) | |
| Call number based on other classification scheme | V |
| -- | LEHA |
| -- | MM |
| -- | D 26 |
| 100 1# - MAIN ENTRY--PERSONAL NAME | |
| Personal name | Lehane, Dennis. |
| 9 (RLIN) | 41049 |
| 245 10 - TITLE STATEMENT | |
| Title | Moonlight mile |
| Medium | [sound recording] / |
| Statement of responsibility, etc | Dennis Lehane. |
| 250 ## - EDITION STATEMENT | |
| Edition statement | Unabridged. |
| 260 ## - PUBLICATION, DISTRIBUTION, ETC. (IMPRINT) | |
| Place of publication, distribution, etc | Prince Frederick, MD : |
| Name of publisher, distributor, etc | Recorded Books, |
| Date of publication, distribution, etc | [2010], p2010. |
| 300 ## - PHYSICAL DESCRIPTION | |
| Extent | 1 sound disc (8 hr., 45 min.) : |
| Other physical details | digital, stereo ; |
| Dimensions | 4 3/4 in. |
| 500 ## - GENERAL NOTE | |
| General note | Compact disc, MP3 format. |
| 500 ## - GENERAL NOTE | |
| General note | Spoken audio file. Indexed by chapter. |
| 500 ## - GENERAL NOTE | |
| General note | Title from container. |
| 500 ## - GENERAL NOTE | |
| General note | Release date supplied by publisher. |
| 500 ## - GENERAL NOTE | |
| General note | Recording originally produced by HarperCollins Publishers, p2010. |
| 500 ## - GENERAL NOTE | |
| General note | In container (19 cm.) |
| 500 ## - GENERAL NOTE | |
| General note | Sequel to: Gone, baby, gone. |
| 511 0# - PARTICIPANT OR PERFORMER NOTE | |
| Participant or performer note | Narrated by Jonathan Davis. |
| 520 ## - SUMMARY, ETC. | |
| Summary, etc | Private investigators Patrick Kenzie and Angela Gennaro revisit the case that troubled them the most when the missing girl they found twelve years earlier--only to see her returned to a neglectful mother and a broken home--goes missing again. |
| 538 ## - SYSTEM DETAILS NOTE | |
| System details note | System requirements: CD/MP3 player or PC with MP3-capable software. |
| 650 #0 - SUBJECT ADDED ENTRY--TOPICAL TERM | |
| Topical term or geographic name as entry element | Kenzie, Patrick (Fictitious character) |
| Form subdivision | Fiction. |
| 9 (RLIN) | 5860888 |
| 650 #0 - SUBJECT ADDED ENTRY--TOPICAL TERM | |
| Topical term or geographic name as entry element | Gennaro, Angela (Fictitious character) |
| Form subdivision | Fiction. |
| 9 (RLIN) | 5860889 |
| 650 #0 - SUBJECT ADDED ENTRY--TOPICAL TERM | |
| Topical term or geographic name as entry element | Private investigators |
| Form subdivision | Fiction. |
| 9 (RLIN) | 5674912 |
| 650 #0 - SUBJECT ADDED ENTRY--TOPICAL TERM | |
| Topical term or geographic name as entry element | Missing persons |
| General subdivision | Investigation |
| Form subdivision | Fiction. |
| 9 (RLIN) | 5679196 |
| 650 #0 - SUBJECT ADDED ENTRY--TOPICAL TERM | |
| Topical term or geographic name as entry element | Inner cities |
| Geographic subdivision | Massachusetts |
| -- | Boston |
| Form subdivision | Fiction. |
| 9 (RLIN) | 5860890 |
| 651 #0 - SUBJECT ADDED ENTRY--GEOGRAPHIC NAME | |
| Geographic name | Boston (Mass.) |
| Form subdivision | Fiction. |
| 9 (RLIN) | 5674529 |
| 655 #7 - INDEX TERM--GENRE/FORM | |
| Genre/form data or focus term | Mystery fiction. |
| Source of term | gsafd |
| 9 (RLIN) | 102668 |
| 655 #7 - INDEX TERM--GENRE/FORM | |
| Genre/form data or focus term | Noir fiction. |
| Source of term | gsafd |
| 9 (RLIN) | 102703 |
| 655 #0 - INDEX TERM--GENRE/FORM | |
| Genre/form data or focus term | Audiobooks. |
| 9 (RLIN) | 5860891 |
| 700 1# - ADDED ENTRY--PERSONAL NAME | |
| Personal name | Davis, Jonathan. |
| Relator code | nrt |
| 9 (RLIN) | 39123 |
| 710 2# - ADDED ENTRY--CORPORATE NAME | |
| Corporate name or jurisdiction name as entry element | Recorded Books, LLC. |
| 9 (RLIN) | 5674251 |
| 710 2# - ADDED ENTRY--CORPORATE NAME | |
| Corporate name or jurisdiction name as entry element | HarperCollins (Firm) |
| 9 (RLIN) | 35116 |
| 942 ## - ADDED ENTRY ELEMENTS (KOHA) | |
| Koha item type | CD |
| 948 ## - LOCAL PROCESSING INFORMATION (OCLC); SERIES PART DESIGNATOR (RLIN) | |
| Series part designator, SPT (RLIN) | 11/15/2010 |
| z (OCLC) | Sirsi |
| 996 ## - | |
| -- | 80854 |
| -- | 34301000972374 |
| -- | Mp3CD |
| -- | CD |
| -- | wcl |
| -- | i |
| -- | 6 |
| -- | 29.95 |
| -- | Recorded Books |
| -- | Leh |
| -- | 11/19/2010 |
| -- | 07/05/2016 |
| -- | 06/29/2016 |
| Withdrawn status | Lost status | Source of classification or shelving scheme | Damaged status | Not for loan | Collection code | Home library | Current library | Shelving location | Date acquired | Source of acquisition | Cost, normal purchase price | Total Checkouts | Full call number | Barcode | Date last seen | Date checked out | Cost, replacement price | Price effective from | Koha item type |
|---|---|---|---|---|---|---|---|---|---|---|---|---|---|---|---|---|---|---|---|
| Dewey Decimal Classification | MP3 Audiobooks | Wasatch County Library | Wasatch County Library | Second Floor | 11/19/2010 | 29.95 | 6 | MP3 Leh | 34301000972374 | 05/07/2024 | 06/29/2016 | 29.95 | 03/20/2020 | Audiobook on CD |
